00659 2200217 4500001002100000005001500021007000300036008004100039020002200080035002000102082001000122084001600132100001200148245015800160250001000318260004500328300002100373650001900394990001500413990001300428INLIS00000000000776420260602083649ta260602 | | ind  a978-602-8545-05-1 a0010-0626000004 a658.8 a658.8 RIY m0 aRiyanto1 aMembuat Sendiri Sistem Informasi Penjualan Berbasis Web dgn PHP dan PostgreSQL :b(Studi Kasus Aplikasi Penjualan Handphone dan Kartu Perdana) /cRiyanto aCet 1 aYogyakarta :bPenerbit Gava Media,c2011 a304 hlm ;c23 cm 4aSistem Operasi a250.2/2023 a250/2023